Länder mit den meisten toten Ziwilisten im 2. Weltkrieg - Statistiken

Allgemein
  • Dieses Quiz wurde 927 mal gespielt
  • Das Durchschnittsergebnis liegt bei 15 aus 20
Antwortstatistiken
Opfer Land % Korrekt
1.170.000 Deutschland
99%
150.000 Frankreich
97%
1.700.000 Japan
94%
5.700.000 Polen
94%
62.000 Vereinigtes Königreich
91%
60.000 Italien
90%
10.000.000 China
89%
14.000.000 Sowjetunion
88%
50.000 Belgien
81%
198.000 Niederlande
81%
130.000 Österreich
78%
2.500 Norwegen
68%
590.000 Ungarn
67%
160.000 Griechenland
64%
950.000 Jugoslawien
63%
2.700 Finnland
61%
3.000.000 Indien
50%
1.148 Kanada
47%
70.000 Tschechoslowakei
42%
943.000 Philippinen
29%
Keine übereinstimmenden Quizze gefunden
Verteilung der Resultate
Anzahl Personen mit jedem Resultat
Perzentil nach korrekt beantworteten Fragen
Ihre Resultats-Entwicklung
Sie haben dieses Quiz noch nicht gespielt